Organizace jednotek požární ochrany /
Gespeichert in:
| 1. Verfasser: | |
|---|---|
| Format: | Buch |
| Sprache: | Tschechisch |
| Veröffentlicht: |
Ostrava :
SPBI,
2008
|
| Ausgabe: | 2. aktual. vyd. |
| Schriftenreihe: | Spektrum
13 |
| Schlagworte: | |
| Online-Zugang: | OBSAH |
| Tags: |
Keine Tags, Fügen Sie das erste Tag hinzu!
|
MARC
| LEADER | 00000nam a22000003a 4500 | ||
|---|---|---|---|
| 001 | 0029378 | ||
| 005 | 20171222083250.4 | ||
| 008 | 040526s1998----xr------------------cze-d | ||
| 020 | |a 978-80-7385-035-7 | ||
| 040 | |a STU |b slo | ||
| 041 | 0 | |a cze | |
| 044 | |a xr | ||
| 080 | |a 614.84 | ||
| 100 | 1 | |a Hanuška, Zdeněk |4 aut |7 unknown*stu49853 | |
| 245 | 1 | |a Organizace jednotek požární ochrany / |c aut. Zdeněk Hanuška | |
| 250 | |a 2. aktual. vyd. | ||
| 260 | |a Ostrava : |b SPBI, |c 2008 | ||
| 300 | |a 116 s. | ||
| 490 | 0 | |a Spektrum |v 13 | |
| 650 | 7 | |a ochrana požiarna |2 stusub |7 unknown*stus6636 | |
| 856 | 4 | |a https://sweb.mtf.stuba.sk/obsahy/organizace_jednotek_pozarni_ochrany_1_98.pdf |u https://sweb.mtf.stuba.sk/obsahy/organizace_jednotek_pozarni_ochrany_1_98.pdf |3 OBSAH | |
| 996 | |b 284M087454 |c M* 14012-1 |l MMKN |s A |a 24 |w 0029378_0001 | ||